| 000 | 00683nam a2200241 4500 | ||
|---|---|---|---|
| 008 | b xx# eng u | ||
| 010 | _a33494 | ||
| 020 | _a0810905248 | ||
| 020 | _a9780810905245 | ||
| 040 | _aLB-BrCRDP | ||
| 082 | _aR 759.92/G613v | ||
| 100 | 1 | _aGogh, Vincent van, 1853-1890 | |
| 130 | 0 | _lEN | |
| 245 | 1 | 0 |
_aVincent Van Gogh _cMeyer Schapiro |
| 260 |
_aNew York _bH.N.Abrams _c[s.d.] . |
||
| 300 |
_a130p. : _bcol. ill., plates, ports ; _c33cm |
||
| 490 | 0 | _aThe Library of great painters | |
| 650 | _aVan Gogh, Vincent | ||
| 650 | _aPostimpressionism (Art) | ||
| 700 | 1 | 0 | _aSchapiro, Meyer, ed. |
| 942 | _cBK | ||
| 999 |
_c12524 _d12524 |
||